| 000 | 00323pam a2200121a 44500 | ||
|---|---|---|---|
| 008 | 230405s2007 xxu||||| |||| 00| 0 eng d | ||
| 041 | _aENG | ||
| 100 | _aTOUITOU E/ BARRY B | ||
| 245 | _aENHANCEMENT IN DRUG DELIVERY | ||
| 260 |
_aNEW YORK _bWILEY INTERSCIENCE PUBLICATION NEW YORK _c2007 |
||
| 300 | _a633 | ||
| 906 | _a3374 | ||
| 999 |
_c268813 _d268813 |
||